000 05144 a2200469 4500
001 23725480
003 0000
005 20260409131256.0
008 240608s2025 enk b 001 0 eng
010 _a 2024015115
020 _a9781032550770
020 _a9781032550787
020 _z9781003428923
035 _a23725480
040 _aDLC
_beng
_erda
_cDLC
042 _apcc
050 0 0 _aPN 4784.E5
_b.D355 2025
082 0 0 _a070.9/052
_223/eng/20240618
100 _4Editor
_aTong, Jingrong
245 0 0 _aData journalism and the COVID-19 disruption /
_cedited by Jingrong Tong.
264 1 _aAbingdon, Oxon ;
_aNew York, NY :
_bRoutledge,
_c2025.
300 _axvii, 245p.
_c24 cm
_bill.:
336 _atext
_btxt
_2rdacontent
337 _aunmediated
_bn
_2rdamedia
338 _avolume
_bnc
_2rdacarrier
490 0 _aRoutledge research in journalism
500 _aIncludes bibliographical references and index.
504 _aIncludes bibliographical references and index.
505 0 _aFour shifts in data journalism practice during the COVID-19 pandemic / Ashley Kirk -- Communicating uncertainty in data journalism during the Covid-19 pandemic / Paul Bradshaw -- Data journalism and investigative news reporting practices during the pandemic : the case of Zimbabwe and South Africa / Allen Munoriyarwa and Sarah Chiumbu -- Beyond the numbers : spotlight on data and citizen journalism during Australia's Covid-19 crisis / Kim Doyle -- The ethics of data journalism in a pandemic / Nathan Sparkes -- Automating the COVID-19 story in the newsroom / Carmen Aguilar Garca̕ -- Data journalism practices during COVID-19 in the main Spanish newspapers : features of data-driven stories and the influence of the pandemic on newsrooms / Alba Cr̤doba-Cabs͠ and Pedro Farias-Batlle -- Longitudinal reporting and the COVID-19 pandemic : the need for integrated newsroom data practice / Joanna S Kao and Susan E McGregor -- Factors influencing audience engagement with COVID-19 data visualisations : a case study / Jingrong Tong -- The audience turn in data journalism : how do data journalists conceptualize and perform audience engagement? / Lindita Camaj, Jason A. Martin, and Gerry Lanosga -- Trustworthiness, accuracy, and transparency : the audience's perceptions of how the audience perceived errors in data journalism / Mathias-Felipe de-Lima-Santos and Marl̕ia Gehrke -- From restrictions on freedom of expression and access to COVID-19 : OpenSource data in investigative Arab journalism / Miral Sabry Al Ashry -- Shaping data journalism in times of crisis : critical perspectives on the role of the state / Shangyuan Wu -- Data journalism and public health during and after the COVID-19 pandemic : opportunities and challenges to improve pandemic preparedness and research / Angel N. Desai, Sangeeta Bhatia, Anne Cori, and Britta Lassmann.
520 _a"Data Journalism and the COVID-19 Disruption offers an international, multidisciplinary account of how and to what extent the COVID-19 pandemic has been a blessing for data journalism. Bringing together insights into current developments in data journalism during (and since the onset of) the COVID-19 pandemic from word-leading data journalism practitioners and academics, the book draws on case studies and examples from different countries to critically reflect on emerging data journalism practices during the pandemic and their sustainability and implications for journalism and newsroom work in the post-pandemic era. The chapters document changes in the practice and integration of data journalism into newsrooms and the 24/7 news cycle after the unexpected onset of the pandemic, and explore how newsrooms and journalists are coping with the sudden and immense demand for data journalism and related challenges. The book also scrutinizes the implications for understanding the roles played by newsroom structure and operation, the uncertain nature of data, and the relationship between journalism and other social entities such as audiences and the state in journalism's development through times of crisis. Offering a timely contribution to the discussions on how data journalism evolved during a time of crisis, this volume will appeal to scholars and students of data journalism, journalism practice, media and communication studies, and media industry studies"--
_cProvided by publisher.
650 0 _aJournalism
_xData processing
_vCase studies.
650 0 _aCOVID-19 Pandemic, 2020-2023, in mass media
_vCase studies.
650 0 _aScience journalism
_vCase studies.
650 0 _aInvestigative reporting
_vCase studies.
655 7 _aCase studies.
_2lcgft
_0https://id.loc.gov/authorities/genreForms/gf2017026140
700 1 _aTong, Jingrong,
_eeditor.
776 0 8 _iOnline version:
_tData journalism and the COVID-19 disruption
_dAbingdon, Oxon ; New York, NY : Routledge, 2025
_z9781003428923
_w(DLC) 2024015116
906 _a7
_bcbc
_corignew
_d1
_eecip
_f20
_gy-gencatlg
942 _2lcc
_cBK
999 _c44289
_d44289